书目信息 |
| 题名: |
干部决定一切
|
|
| 作者: | 孙鹤 原著 | |
| 分册: | ||
| 出版信息: | 北京 人民出版社 2006.06 |
|
| 页数: | 192页 | |
| 开本: | 23cm | |
| 丛书名: | ||
| 单 册: | ||
| 中图分类: | F272.91 | |
| 科图分类: | ||
| 主题词: | 企业经济学 | |
| 电子资源: | ||
| ISBN: | 7-01-005526-2 | |
| 000 | 00570 nam 000217 | |
| 001 | 0100000384 | |
| 005 | 20070902110503.14 | |
| 010 | @a7-01-005526-2@dCNY26.00 | |
| 100 | @a20070716d2006 em y0chiy0121 ea | |
| 101 | @achi | |
| 102 | @aCN@b110000 | |
| 105 | @ay z 000yy | |
| 200 | 10 | @a干部决定一切@9gan bu jue ding yi qie@f孙鹤原著@Fsun he yuan zhu |
| 210 | @a北京@c人民出版社@d2006.06 | |
| 215 | @a192页@d23cm | |
| 606 | @a企业经济学 | |
| 690 | @aF272.91@v4 | |
| 701 | 0 | @a孙鹤@9sun he@4原著 |
| 801 | @aCN@c20070902 | |
| 901 | @a000002 | |
| 905 | @dF272.91@eS921 | |
| 干部决定一切/孙鹤原著.-北京:人民出版社,2006.06 |
| 192页;23cm |
| ISBN 7-01-005526-2:CNY26.00 |
| ● |
| 相关链接 |
|
|
|
正题名:干部决定一切
索取号:F272.91/S921
 
预约/预借
| 序号 | 登录号 | 条形码 | 馆藏地/架位号 | 状态 | 备注 |
| 1 | 642688 | 206426884 | 社科二线422/422社科库 7排1列1层/ [索取号:F272.91/S921] | 在馆 | |
| 2 | 642689 | 206426893 | 社科库409/409社科库 89排2列4层/ [索取号:F272.91/S921] | 在馆 | |
| 3 | 642690 | 206426900 | 社科二线422/409社科库 89排2列4层/ [索取号:F272.91/S921] | 在馆 |